=LDR 00000nam 2200000 4500 =001 INLIS000000000028736 =005 20130612131024 =008 ***********************************Ind** =035 ##$$0010-061300000028736 =041 ##$$a Ind =082 ##$$a 910.76 =090 ##$$a 910.76, Her-p =100 ##$$a Hernawan, Agus =245 ##$$a Pegangan Geografi 1 untuk SLTP kelas 1, Agus Hernawan, Sutomo =260 ##$$a 2000 $b Bandunga =300 ##$$a 74 hlm., ilus, 29 cm =650 ##$$a Geografi - Pelajaran =850 ##$$a NBPNMAT